[Event "Hoogeveen Unive op 17th"]
[Site "Hoogeveen"]
[Date "2013.10.18"]
[Round "1"]
[White "Krasenkow, Michal"]
[Black "Martinello, Christian"]
[Result "1-0"]
[WhiteElo "2640"]
[BlackElo "2163"]
[PlyCount "61"]
[EventDate "2013.10.18"]
[EventType "swiss"]
[EventRounds "9"]
[EventCountry "NED"]
[SourceTitle "EXT 2014"]
[Source "ChessBase"]
[SourceDate "2013.11.20"]
[SourceVersion "1"]
[SourceVersionDate "2013.11.20"]
[SourceQuality "1"]

1. Nf3 Nf6 2. c4 c6 3. Nc3 d5 4. e3 e6 5. b3 Nbd7 6. Bb2 Be7 7. d4 0-0 8. Bd3 dxc4 9. bxc4 c5 10. d5 exd5 11. cxd5 a6 12. 0-0 b5 13. a4 c4 14. Be2 Nb6 15. axb5 axb5 16. Rxa8 Nxa8 17. Nxb5 Qxd5 18. Qxd5 Nxd5 19. Bxc4 Nab6 20. Be2 Ba6 21. Bd4 Bf6 22. Ne5 Re8 23. f4 Bxe5 24. fxe5 Bxb5 25. Bxb5 Re6 26. Rb1 h6 27. Be2 Na4 28. Rb8+ Kh7 29. Bd3+ g6 30. Bc4 Nab6 31. Bb3 1-0

[Event "Emilia Romagna Province-ch"]
[Site "Formigine"]
[Date "2007.05.01"]
[Round "5"]
[White "Cricca, Andrea"]
[Black "Martinello, Christian"]
[Result "0-1"]
[WhiteElo "1698"]
[BlackElo "2051"]
[PlyCount "46"]
[EventDate "2007.04.28"]
[EventType "swiss"]
[EventRounds "6"]
[EventCountry "ITA"]
[SourceTitle "EXT 2009"]
[Source "ChessBase"]
[SourceDate "2008.11.26"]
[SourceVersion "1"]
[SourceVersionDate "2008.11.26"]
[SourceQuality "1"]

1. c4 Nf6 2. Nc3 e6 3. d4 Bb4 4. Bd2 0-0 5. e3 b6 6. Nf3 Bb7 7. g3 d5 8. cxd5 Nxd5 9. Bg2 Be7 10. 0-0 Nd7 11. Re1 N7f6 12. e4 Nxc3 13. bxc3 Bxe4 14. Bg5 Bb7 15. Qc2 h6 16. Bd2 c5 17. Be3 Nd5 18. Rad1 Qc7 19. c4 Nxe3 20. fxe3 Rac8 21. Rc1 Rfd8 22. Red1 cxd4 23. exd4 Ba3 0-1

[Event "Vicenza op 8th"]
[Site "Vicenza"]
[Date "2004.10.09"]
[Round "4"]
[White "Martinello, Christian"]
[Black "Danieli, Enrico"]
[Result "1-0"]
[WhiteElo "1949"]
[BlackElo "2142"]
[PlyCount "81"]
[EventDate "2004.10.02"]
[EventType "swiss"]
[EventRounds "6"]
[EventCountry "ITA"]
[SourceTitle "EXT 2009"]
[Source "ChessBase"]
[SourceDate "2008.11.26"]
[SourceVersion "1"]
[SourceVersionDate "2008.11.26"]
[SourceQuality "1"]

1. d4 Nf6 2. Nf3 c5 3. c3 e6 4. Bf4 b6 5. e3 Be7 6. Bd3 Bb7 7. 0-0 0-0 8. Nbd2 d6 9. h3 Nc6 10. Qe2 Re8 11. e4 cxd4 12. Nxd4 e5 13. Nxc6 Bxc6 14. Bg5 h6 15. Bxf6 Bxf6 16. Bb5 Qd7 17. Bxc6 Qxc6 18. Qc4 Qb7 19. Rfd1 b5 20. Qd3 Rad8 21. Nf1 Bg5 22. g3 h5 23. Qe2 g6 24. Rd5 a6 25. Rad1 Qb6 26. h4 Bh6 27. Nh2 Re6 28. R1d3 f6 29. g4 hxg4 30. Qxg4 Kf7 31. Rg3 Rg8 32. h5 g5 33. Qf5 Bf8 34. Nf3 Ke7 35. Nh4 Qd8 36. Qh7+ Bg7 37. h6 Kf8 38. hxg7+ Rxg7 39. Qh8+ Rg8 40. Qh6+ Kf7 41. Nf5 1-0